Инвестиционная привлекательность инновационного проекта; Актуальные проблемы гуманитарных наук

Podrobná bibliografie
Parent link:Актуальные проблемы гуманитарных наук.— 2013.— [С. 477-478]
Hlavní autor: Коптелова Е. С.
Shrnutí:Заглавие с экрана
Jazyk:ruština
Vydáno: 2013
Edice:Экономика инновационных преобразований и устойчивого развития
Témata:
On-line přístup:http://www.lib.tpu.ru/fulltext/c/2013/C20/229.pdf
Médium: MixedMaterials Elektronický zdroj Kapitola
KOHA link:https://koha.lib.tpu.ru/cgi-bin/koha/opac-detail.pl?biblionumber=241132

MARC

LEADER 00000naa2a2200000 4500
001 241132
005 20251215154817.0
035 |a (RuTPU)RU\TPU\book\262398 
035 |a RU\TPU\book\262397 
090 |a 241132 
100 |a 20130703d2013 k y0rusy50 ca 
101 0 |a rus 
102 |a RU 
135 |a drcn ---uucaa 
181 0 |a i  
182 0 |a b 
200 1 |a Инвестиционная привлекательность инновационного проекта  |f Е. С. Коптелова 
203 |a Текст  |c электронный 
215 |a 1 файл(316 Кб) 
225 1 |a Экономика инновационных преобразований и устойчивого развития 
300 |a Заглавие с экрана 
320 |a [Библиогр.: с. 478 (2 назв.)] 
337 |a Adobe Reader 
463 1 |0 (RuTPU)RU\TPU\book\259431  |t Актуальные проблемы гуманитарных наук  |o сборник научных трудов ХII Международной научно-практической конференции студентов, аспирантов и молодых ученых 3-6 апреля 2013 г., г. Томск  |f Национальный исследовательский Томский политехнический университет (ТПУ)  |v [С. 477-478]  |d 2013 
610 1 |a электронный ресурс 
610 1 |a труды учёных ТПУ 
610 1 |a инвестиционная деятельность 
610 1 |a инновационные проекты 
700 1 |a Коптелова  |b Е. С. 
801 1 |a RU  |b 63413507  |c 20101016 
801 2 |a RU  |b 63413507  |c 20130703  |g RCR 
856 4 |u http://www.lib.tpu.ru/fulltext/c/2013/C20/229.pdf 
942 |c CF